000 00715nam a22002177a 4500
003 OSt
005 20251029074146.0
008 251029b |||||||| |||| 00| 0 eng d
010 _a10007636
020 _a0-917006-30-5
040 _cMacdonald Publishing Company
050 _aBS 2380 .V5 1887
_bV5 1887
100 _aMARVIN R. Vincent
245 _aWord Study in The New Testament/
_cVincent, R. MARVIN
250 _aThe Epistle of Paul
260 _aMclean, Virginia 22102
_bMacdonald Publishing Company
_c1887
300 _axxxix, 565p.:
_bHardcover,; Col.: Include Bibliograhy,/
_c21.3cm
_eNull
490 _aThe Epistle of Paul
_vVolume III
700 _aMarvin R. Vincent
942 _2lcc
_cBK
_eVolume III
_n0
999 _c9718
_d9718